Kreise des Deutschen Reiches auf einer Karte - Statistiken

Allgemein
  • Dieses Quiz wurde 221 mal gespielt
  • Das Durchschnittsergebnis liegt bei 218 aus 1060
Antworten auf der Karte
Die Antworten werden auf der Karte rot bzw. grün angezeigt, abhängig davon wie oft sie richtig erraten wurden.
 
Antwortstatistiken
C Antwort % Korrekt
Hamburg Hamburg
81%
Prussia Berlin
78%
2Bavaria München
78%
2Bavaria München I
78%
2Bavaria München II
78%
Prussia Frankfurt am der Oder
76%
Prussia Frankfurt am Main
76%
2Bavaria Nürnberg
76%
Alsace Straßburg
74%
Prussia Köln
72%
Lubeck Lübeck
72%
Oldenburg Lübeck-Eutin
72%
Bremen Bremen
70%
Prussia Hannover
70%
Prussia Kiel
70%
Hesse Mainz
70%
Prussia Düsseldorf
69%
Prussia | Saxe-Coburg-Gotha Königsberg
69%
Prussia Königsberg in der Neumark
69%
Baden Baden
67%
Prussia Erfurt
67%
Oldenburg | Prussia Oldenburg
67%
Mecklenburg-Schwerin Rostock
67%
Mecklenburg-Schwerin Schwerin
67%
Prussia Schwerin am der Warthe
67%
Wurttemberg Stuttgart
67%
Prussia Dortmund
65%
Saxony Dresden
65%
Saxony Leipzig
65%
2Bavaria Passau
65%
Prussia Potsdam
65%
2Bavaria Augsburg
63%
Prussia Danzig
63%
Prussia Magdeburg
63%
Prussia Saarbrücken
63%
Wurttemberg Ulm
63%
Prussia Aachen
61%
Prussia Bonn
61%
Saxony Freiberg
61%
Baden Freiburg
61%
2Bavaria Hof
61%
Prussia Stettin
61%
Prussia Duisburg
59%
Baden Karlsruhe
59%
2Bavaria Regen
59%
2Bavaria Regensburg
59%
Prussia Rügen
59%
Bremen Bremerhaven
57%
Prussia Breslau
57%
Prussia Büren
57%
Hesse Darmstadt
57%
Prussia Essen
57%
Prussia Flensburg
57%
Reuss-Gera Gera
57%
Prussia Kassel
57%
Prussia Brandenburg am der Havel
56%
Brunswick Braunschweig
56%
2Bavaria Furth
56%
2Bavaria Fürth
56%
Baden Mannheim
56%
Prussia Osnabrück
56%
Saxe-Weimar-Eisenach Weimar
56%
Prussia Wiesbaden
56%
2Bavaria Bayreuth
54%
Prussia Bochum
54%
Saxony Chemnitz
54%
2Bavaria Erlangen
54%
Wurttemberg Hall
54%
2Bavaria Kaiserslautern
54%
Baden Konstanz
54%
Prussia Lüneburg
54%
Alsace Metz
54%
Prussia Trier
54%
Hesse Worms
54%
Prussia Celle
52%
Baden Heidelberg
52%
Wurttemberg Heidenheim
52%
2Bavaria Ingolstadt
52%
Prussia Koblenz
52%
Hesse Offenbach
52%
2Bavaria Wurzburg
52%
Prussia Bielefeld
50%
Prussia Cottbus
50%
Prussia Emden
50%
Prussia Greifswald
50%
Prussia Münster
50%
Baden | Saxe-Coburg-Gotha | Saxe-Weimar-Eisenach Neustadt
50%
2Bavaria Neustadt am der Aisch
50%
2Bavaria Neustadt am der Waldnaab
50%
Prussia Neustadt am Rübenberge
50%
2Bavaria Neustadt an der Haardt
50%
2Bavaria Neustadt an der Saale
50%
Prussia Neustadt in Oberschlesien
50%
Prussia Neustadt in Westpreußen
50%
2Bavaria Neu-Ulm
50%
Wurttemberg Tübingen
50%
2Bavaria Aschaffenburg
48%
2Bavaria Bamberg
48%
2Bavaria Bamberg I
48%
2Bavaria Bamberg II
48%
Saxe-Coburg-Gotha Coburg
48%
Prussia Gorlitz
48%
Prussia Görlitz
48%
Prussia Hagen
48%
2Bavaria Memmingen
48%
Anhalt Dessau
46%
2Bavaria Garmisch
46%
Prussia Gelsenkirchen
46%
Prussia Hamm
46%
Wurttemberg Heilbronn
46%
2Bavaria Kempten
46%
Prussia Mönchengladbach
46%
Prussia Paderborn
46%
Prussia Posen
46%
2Bavaria Rosenheim
46%
Mecklenburg-Schwerin Wismar
46%
Saxony Zwickau
46%
2Bavaria Dachau
44%
Hesse Gießen
44%
Saxe-Coburg-Gotha Gotha
44%
Prussia Göttingen
44%
Prussia Halle am der Saale
44%
Prussia Halle in Westfalen
44%
2Bavaria Lindau
44%
2Bavaria Ludwigshafen
44%
Prussia Marburg
44%
Prussia Minden
44%
Prussia Saarlouis
44%
Prussia Siegen
44%
2Bavaria Ansbach
43%
Prussia Aurich
43%
Prussia Hildesheim
43%
2Bavaria Landau
43%
2Bavaria Landshut
43%
Mecklenburg-Strelitz Neubrandenburg
43%
Wurttemberg Reutlingen
43%
Prussia Solingen
43%
Prussia Fulda
41%
Prussia Hanau
41%
Prussia Neuß
41%
2Bavaria Pirmasens
41%
Wurttemberg Ravensburg
41%
2Bavaria Schweinfurt
41%
Prussia Stade
41%
Prussia Usedom-Wollin
41%
Prussia Witten
41%
2Bavaria Zweibrucken
41%
Prussia Altona
39%
Saxony Bautzen
39%
Prussia Goslar
39%
Baden Lörrach
39%
Prussia Memel
39%
Baden Pforzheim
39%
Saxony Plauen
39%
Prussia Recklinghausen
39%
Prussia Remscheid
39%
Prussia Schleswig
39%
Prussia Stralsund
39%
Prussia Uelzen
39%
Wurttemberg Aalen
37%
2Bavaria Berchtesgaden
37%
Prussia Bitburg
37%
Prussia Borken
37%
Alsace Colmar
37%
Prussia Düren
37%
Prussia Hameln
37%
Prussia Harburg
37%
Prussia Herford
37%
Prussia Krefeld
37%
Prussia Leer
37%
Prussia Lingen
37%
Wurttemberg Ludwigsburg
37%
Saxony Meißen
37%
Prussia Mörs
37%
Baden Offenburg
37%
Prussia Pinneberg
37%
Prussia Stendal
37%
Prussia Verden
37%
Oldenburg Cloppenburg
35%
2Bavaria Deggendorf
35%
Oldenburg Delmenhorst
35%
Lippe Detmold
35%
Saxe-Weimar-Eisenach Eisenach
35%
2Bavaria Freising
35%
Prussia Homberg
35%
2Bavaria Homburg
35%
2Bavaria Speyer
35%
2Bavaria Amberg
33%
Hesse Bingen
33%
Prussia Euskirchen
33%
Prussia Herzogtum Lauenburg
33%
Prussia Kleve
33%
Prussia Lauenburg
33%
Prussia Limburg
33%
Mecklenburg-Schwerin Ludwigslust
33%
Prussia Nordhausen
33%
Prussia Peine
33%
Baden Villingen
33%
Mecklenburg-Schwerin Waren
33%
Prussia Wetzlar
33%
Prussia Cochem
31%
Prussia Eckernförde
31%
Prussia Grafschaft Bentheim
31%
Reuss-Greiz Greiz
31%
Prussia Kattowitz
31%
2Bavaria | Prussia Landsberg
31%
Prussia Meppen
31%
Prussia Mülheim
31%
Baden Müllheim
31%
Prussia Rendsburg
31%
Prussia Sigmaringen
31%
2Bavaria Traunstein
31%
Prussia Wittenberg
31%
2Bavaria Altötting
30%
Wurttemberg Calw
30%
2Bavaria Erding
30%
Wurttemberg Eßlingen
30%
Wurttemberg Göppingen
30%
Prussia Husum
30%
Oldenburg Jever
30%
Prussia Lippstadt
30%
Prussia Mülheim am Rhein
30%
2Bavaria | Prussia Neumarkt
30%
Prussia Oels
30%
Saxony Pirna
30%
Baden Rastatt
30%
Prussia Rothenburg
30%
2Bavaria Rothenburg ob der Tauber
30%
2Bavaria | Wurttemberg Rottenburg
30%
Schwarzburg-Rudolstadt Rudolstadt
30%
Prussia Soest
30%
Prussia Strasburg
30%
Hesse Alzey
28%
Prussia Bitterfeld
28%
2Bavaria Fussen
28%
Prussia Jülich
28%
Baden Kehl
28%
Saxe-Meiningen Meiningen
28%
Alsace Mülhausen
28%
Mecklenburg-Strelitz Neustrelitz
28%
Prussia Neuwied
28%
Prussia Norden
28%
Waldeck-Pyrmont Pyrmont
28%
2Bavaria Straubing
28%
Prussia Wittmund
28%
Wurttemberg Biberach
26%
Prussia Charlottenburg
26%
2Bavaria Frankenthal
26%
Hesse Groß-Gerau
26%
Prussia Gummersbach
26%
Mecklenburg-Schwerin Güstrow
26%
Brunswick Helmstedt
26%
Prussia Höxter
26%
2Bavaria Kaufbeuren
26%
Prussia Merzig
26%
2Bavaria Neuburg am der Donau
26%
Oldenburg Vechta
26%
Wurttemberg Böblingen
24%
2Bavaria Cham
24%
2Bavaria Dingolfing
24%
Prussia Halberstadt
24%
Prussia Heinsberg
24%
Prussia Mettmann
24%
Prussia Mühlhausen
24%
Prussia Olpe
24%
Prussia Oppeln
24%
Mecklenburg-Schwerin Parchim
24%
Prussia Plön
24%
Prussia St Wendel
24%
Wurttemberg Tuttlingen
24%
Brunswick Wolfenbüttel
24%
Prussia Barmen
22%
Prussia Coesfeld
22%
Prussia Elbing
22%
Baden Emmendingen
22%
Prussia Gifhorn
22%
Prussia Gleiwitz
22%
Prussia Kammin
22%
Wurttemberg Kirchheim
22%
Prussia Kreuznach
22%
Prussia Nienburg
22%
2Bavaria Nördlingen
22%
Prussia Osterholz
22%
2Bavaria Pfaffenhofen
22%
Prussia Prüm
22%
Prussia Tost-Gleiwitz
22%
Saxony Zittau
22%
Prussia Ahrweiler
20%
Oldenburg Birkenfeld
20%
Prussia Bromberg
20%
2Bavaria Germersheim
20%
2Bavaria Günzburg
20%
2Bavaria Lichtenfels
20%
Prussia Lüchow
20%
Saxe-Meiningen Saalfeld
20%
Prussia Salzwedel
20%
Prussia Soltau
20%
Schwarzburg-Sondershausen Sondershausen
20%
Prussia Spandau
20%
Prussia Warendorf
20%
Prussia Zell
20%
Prussia Arnsberg
19%
Wurttemberg Balingen
19%
Baden Bruchsal
19%
Wurttemberg Crailsheim
19%
Prussia Dannenberg
19%
Prussia Diepholz
19%
2Bavaria Eichstätt
19%
Prussia Elberfeld
19%
Wurttemberg Freudenstadt
19%
Prussia Grevenbroich
19%
Prussia Hoyerswerda
19%
Prussia Iserlohn
19%
2Bavaria Kronach
19%
Prussia Mayen
19%
Prussia Rotenburg
19%
Wurttemberg Rottweil
19%
Saxe-Meiningen Sonneberg
19%
Prussia Steinburg
19%
Baden Tauberbischofsheim
19%
Prussia Tilsit
19%
2Bavaria Tölz
19%
Baden Waldshut
19%
Baden Weinheim
19%
2Bavaria | Alsace Weißenburg
19%
Prussia Achim
17%
Prussia Allenstein
17%
Prussia Altenkirchen
17%
Prussia Anklam
17%
Prussia Aschersleben
17%
Anhalt Bernburg
17%
Hesse Dieburg
17%
2Bavaria Dillingen
17%
2Bavaria Donauwörth
17%
Prussia Eupen
17%
2Bavaria Forchheim
17%
2Bavaria | Hesse Friedberg
17%
Prussia Gladbach
17%
Wurttemberg Gmünd
17%
2Bavaria Grafenau
17%
Prussia Hersfeld
17%
2Bavaria Kelheim
17%
2Bavaria Kissingen
17%
Prussia Kulm
17%
2Bavaria Kusel
17%
Lippe Lemgo
17%
Prussia Liegnitz
17%
Saxony Marienberg
17%
Prussia Marienburg
17%
Prussia Merseburg
17%
2Bavaria Miesbach
17%
2Bavaria Miltenberg
17%
Wurttemberg Nürtingen
17%
Prussia Ruppin
17%
Alsace | Prussia Saarburg
17%
Prussia Segeberg
17%
Baden Sinsheim
17%
Prussia Steinfurt
17%
Prussia Teltow
17%
2Bavaria Tirschenreuth
17%
Prussia Torgau
17%
Wurttemberg Waiblingen
17%
Baden Wertheim
17%
Prussia Wittlich
17%
Prussia Ahaus
15%
Saxony Annaberg
15%
Wurttemberg Backnang
15%
Prussia Bergheim
15%
Prussia Delitzsch
15%
2Bavaria Ebersberg
15%
Prussia Forst
15%
Saxony Grimma
15%
Prussia Hechingen
15%
Brunswick Holzminden
15%
Prussia Jerichow I
15%
Prussia Jerichow II
15%
Anhalt Köthen
15%
2Bavaria Kulmbach
15%
Prussia Linden
15%
Prussia Lübbecke
15%
2Bavaria Pfarrkirchen
15%
Prussia Schmalkalden
15%
2Bavaria Schwabach
15%
2Bavaria Sonthofen
15%
Baden Überlingen
15%
Oldenburg Varel
15%
Prussia Wernigerode
15%
2Bavaria Wunsiedel
15%
2Bavaria Aichach
13%
Hesse Alsfeld
13%
Prussia Beckum
13%
Hesse Bensheim
13%
2Bavaria Bogen
13%
Lippe | Oldenburg Brake
13%
Baden Breisach
13%
2Bavaria Bruck
13%
Prussia Burgdorf
13%
2Bavaria Eggenfelden
13%
2Bavaria Feuchtwangen
13%
Prussia Frankenberg
13%
Prussia Geldern
13%
Mecklenburg-Schwerin Hagenow
13%
Prussia Hattingen
13%
Hesse Heppenheim
13%
Saxe-Meiningen Hildburghausen
13%
Wurttemberg Horb
13%
Prussia Kempen
13%
2Bavaria Kitzingen
13%
Prussia Köslin
13%
Baden Lahr
13%
Wurttemberg Leonberg
13%
Prussia Malmedy
13%
Prussia Melle
13%
2Bavaria Mühldorf
13%
Prussia Naumburg
13%
Prussia Oschersleben
13%
Prussia Ostprignitz
13%
Saxony Schwarzenberg
13%
Prussia Sonderburg
13%
Prussia Spremberg
13%
Prussia St Goar
13%
Prussia Stormarn
13%
Prussia Tecklenburg
13%
2Bavaria Wasserburg
13%
Prussia Weißenfels
13%
Prussia Zeitz
13%
2Bavaria Alzenau
11%
Prussia Angermünde
11%
Saxe-Weimar-Eisenach Apolda
11%
Prussia Bernkastel
11%
Baden Bretten
11%
Baden Bühl
11%
Prussia Daun
11%
Prussia Demmin
11%
2Bavaria Dinkelsbühl
11%
Hesse Erbach
11%
Baden Ettlingen
11%
Prussia Geilenkirchen
11%
Prussia Glogau
11%
Prussia Grünberg
11%
Prussia Guben
11%
2Bavaria Gunzenhausen
11%
2Bavaria Haßfurt
11%
2Bavaria Illertissen
11%
Prussia Lübben
11%
Prussia Melsungen
11%
Baden Mosbach
11%
2Bavaria Munchberg
11%
Prussia Northeim
11%
Prussia Ottweiler
11%
Prussia Reichenbach
11%
Baden | Prussia Schönau
11%
Wurttemberg Tettnang
11%
Prussia Thorn
11%
Prussia Tondern
11%
Prussia Ueckermünde
11%
2Bavaria Vilshofen
11%
2Bavaria Weilheim
11%
Oldenburg Westerstede
11%
Prussia Westprignitz
11%
Baden Wiesloch
11%
Prussia Winsen
11%
Schwarzburg-Sondershausen Arnstadt
9%
Saxony Auerbach
9%
Prussia Bersenbrück
9%
Prussia Beuthen
9%
Wurttemberg Blaubeuren
9%
Baden Buchen
9%
Reuss-Greiz Burgk
9%
Oldenburg Butjadingen
9%
Alsace Diedenhofen
9%
Mecklenburg-Schwerin Doberan
9%
Baden Donaueschingen
9%
Oldenburg Elsfleth
9%
Prussia Erkelenz
9%
Oldenburg Friesoythe
9%
Prussia Gardelegen
9%
Wurttemberg Geislingen
9%
Mecklenburg-Schwerin Grevesmühlen
9%
Prussia Grimmen
9%
Prussia Gronau
9%
Alsace Hagenau
9%
Prussia Hirschberg
9%
Prussia Höchst
9%
Prussia Kolberg-Körlin
9%
Wurttemberg Künzelsau
9%
Prussia Lyck
9%
Mecklenburg-Schwerin Malchin
9%
Prussia Meschede
9%
Wurttemberg Neckarsulm
9%
2Bavaria Neunburg vorm Wald
9%
Prussia Neustettin
9%
2Bavaria Oberdorf
9%
Hesse Oppenheim
9%
Baden Pfullendorf
9%
Prussia Prenzlau
9%
Mecklenburg-Schwerin Ribnitz
9%
Prussia Rinteln
9%
2Bavaria Schongau
9%
Wurttemberg Schorndorf
9%
Prussia Schwelm
9%
Prussia Simmern
9%
Schaumburg-Lippe Stadthagen
9%
Prussia Stolp
9%
Wurttemberg Sulz
9%
Prussia Templin
9%
Alsace Thann
9%
Wurttemberg Wangen
9%
Oldenburg Wildeshausen
9%
Anhalt Zerbst
9%
Baden Achern
7%
Alsace Altkirch
7%
Prussia Apenrade
7%
Prussia Biedenkopf
7%
Brunswick Blankenburg
7%
Saxony Borna
7%
Schaumburg-Lippe Bückeburg
7%
Saxony Döbeln
7%
Prussia Einbeck
7%
Wurttemberg Ellwangen
7%
Prussia Eschwege
7%
Prussia Fritzlar
7%
Prussia Gelnhausen
7%
Prussia Glatz
7%
Saxony Glauchau
7%
Prussia Gnesen
7%
Prussia Greifenberg
7%
Prussia Gumbinnen
7%
Wurttemberg Herrenberg
7%
2Bavaria Hersbruck
7%
2Bavaria Hochstadt
7%
Prussia Hofgeismar
7%
Prussia Jork
7%
Prussia Jüterborg-Luckenwalde
7%
Prussia Kolmar
7%
2Bavaria Königshofen
7%
Prussia Langensalza
7%
2Bavaria Laufen
7%
Prussia Lebus
7%
Prussia | Saxony Löbau
7%
2Bavaria Lohr
7%
Prussia Luben
7%
2Bavaria Mellrichstadt
7%
Prussia Münden
7%
2Bavaria Naila
7%
Wurttemberg Neuenbürg
7%
Prussia Neuhaus am Oste
7%
Baden Oberkirch
7%
Wurttemberg Öhringen
7%
Saxony Oschatz
7%
Prussia Osterode
7%
Prussia Osterrode
7%
2Bavaria Pegnitz
7%
Prussia Querfurt
7%
2Bavaria Roding
7%
Lippe Salzuflen
7%
Prussia Sangerhausen
7%
Prussia Schöneberg
7%
Prussia Schwetz
7%
Baden Schwetzingen
7%
Prussia Springe
7%
Prussia St Goarshausen
7%
Baden Stockach
7%
2Bavaria Sulzbach
7%
Prussia Syke
7%
2Bavaria Uffenheim
7%
Wurttemberg Vaihingen
7%
Bremen Vegesack
7%
Baden Waldkirch
7%
Prussia Warburg
7%
Prussia Wolmirstedt
7%
Prussia Worbis
7%
Prussia Zabrze
7%
Prussia Zauch-Belzig
7%
Prussia Altena
6%
Prussia Aschendorf
6%
Anhalt Ballenstedt
6%
Prussia Beeskow-Storkow
6%
2Bavaria Beilngries
6%
Prussia Belgard
6%
Hamburg Bergedorf
6%
2Bavaria Bergzabern
6%
Baden Bonndorf
6%
Baden Boxberg
6%
Prussia Bremervörde
6%
Prussia Brilon
6%
2Bavaria Bruckenau
6%
Hesse Büdingen
6%
Prussia Bütow
6%
Prussia Calbe
6%
Prussia Dillkreis
6%
Saxony Dippoldiswalde
6%
Prussia Dramburg
6%
Baden Durlach
6%
Baden Eberbach
6%
2Bavaria Ebern
6%
Baden Engen
6%
Baden Eppingen
6%
Alsace Erstein
6%
Saxony Flöha
6%
Alsace Forbach
6%
Prussia Fraustadt
6%
2Bavaria Gerolzhofen
6%
Prussia Gersfeld
6%
Prussia Grafschaft Hohenstein
6%
2Bavaria Griesbach
6%
Saxony Großenhain
6%
2Bavaria Hammelburg
6%
Prussia Heydekrug
6%
Lippe Horn
6%
Prussia Hünfeld
6%
Prussia Insterburg
6%
Prussia Johannisburg
6%
Saxony Kamenz
6%
2Bavaria Karlstadt
6%
2Bavaria Kirchheimbolanden
6%
Prussia Königshütte
6%
Hesse Lauterbach
6%
Wurttemberg Marbach
6%
2Bavaria Marktheidenfeld
6%
Wurttemberg Mergentheim
6%
2Bavaria Mindelheim
6%
Alsace Molsheim
6%
Prussia Montjoie
6%
2Bavaria Nabburg
6%
Wurttemberg Nagold
6%
Prussia Niederbarnim
6%
Prussia Oberbarnim
6%
2Bavaria Obernburg
6%
2Bavaria Ochsenfurt
6%
Prussia Osterburg
6%
2Bavaria Parsberg
6%
Prussia Preußisch Holland
6%
Prussia Randow
6%
Prussia Rees
6%
2Bavaria Rehau
6%
Prussia Rixdorf
6%
Alsace Saargemünd
6%
Wurttemberg Saulgau
6%
2Bavaria Scheinfeld
6%
Prussia Schlüchtern
6%
Mecklenburg-Strelitz Schönberg
6%
Baden Schopfheim
6%
2Bavaria Schrobenhausen
6%
Prussia Schweidnitz
6%
2Bavaria Staffelstein
6%
Prussia Steinau
6%
Baden Triberg
6%
2Bavaria Vilsbiburg
6%
Prussia Waldenburg
6%
Prussia Witzenhausen
6%
Baden Wolfach
6%
Prussia Zellerfeld
6%
Prussia Zeven
6%
Prussia Ziegenhain
6%
Baden Adelsheim
4%
Prussia Adenau
4%
Prussia Alfeld
4%
Prussia Arnswalde
4%
2Bavaria Berneck
4%
Prussia Birnbaum
4%
Prussia Blumenthal
4%
Prussia Braunsberg
4%
2Bavaria Burglengenfeld
4%
Prussia Calau
4%
Wurttemberg Cannstadt
4%
Alsace Château-Salins
4%
Prussia Crossen
4%
Prussia Danziger Höhe
4%
Prussia Danziger Niederung
4%
Prussia Deutsch Krone
4%
Prussia Duderstadt
4%
2Bavaria Ebermannstadt
4%
Prussia Eiderstedt
4%
2Bavaria Eschenbach
4%
Baden Ettenheim
4%
Prussia Fallingbostel
4%
Prussia Franzburg
4%
Prussia Friedeberg in der Neumark
4%
Prussia Gammertingen
4%
Brunswick Gandersheim
4%
Alsace Gebweiler
4%
Prussia Geestemünde
4%
Prussia Goldap
4%
Prussia Graudenz
4%
Prussia Greifenhagen
4%
Prussia Guhrau
4%
Prussia Hadeln
4%
Prussia Hadersleben
4%
Prussia Haigerloch
4%
Prussia Heiligenstadt
4%
2Bavaria Hilpoltstein
4%
Prussia Hoya
4%
Prussia Hümmling
4%
Prussia Iburg
4%
Prussia Ilfeld
4%
2Bavaria Kemnath
4%
Prussia Kirchhain
4%
Waldeck-Pyrmont Kreis der Eder
4%
Waldeck-Pyrmont Kreis der Twiste
4%
2Bavaria Krumbach
4%
Lippe Lage
4%
Prussia Lehe
4%
Wurttemberg Leutkirch
4%
Prussia Lissa
4%
Prussia Lötzen
4%
Prussia Löwenberg
4%
Prussia Luckau
4%
Prussia Lüdinghausen
4%
Prussia Marienwerder
4%
Wurttemberg Maulbronn
4%
Prussia Meisenheim
4%
Prussia Meseritz
4%
Baden Meßkirch
4%
Prussia Militsch
4%
Prussia Namslau
4%
Prussia Neidenburg
4%
Prussia Niederung
4%
Saxony Oelsnitz
4%
Lippe Oerlinghausen
4%
Prussia Oletzko
4%
Prussia Ortelsburg
4%
Prussia Osthavelland
4%
Prussia Oststernberg
4%
Prussia Preußisch Eylau
4%
Prussia Preußisch Stargard
4%
Prussia Putzig
4%
Prussia Pyritz
4%
Prussia Ragnit
4%
Alsace Rappolts-Weiler
4%
Prussia Rastenburg
4%
Prussia Ratibor
4%
Prussia Regenwalde
4%
Hamburg Ritzebüttel
4%
Prussia Rosenberg
4%
Prussia Rosenberg in Oberschlesien
4%
Prussia Saalkreis
4%
Baden Säckingen
4%
Baden Sankt-Blasien
4%
Prussia Schivelbein
4%
Prussia Schlawe
4%
Reuss-Gera Schleiz
4%
Alsace Schlettstadt
4%
Prussia Schleusingen
4%
Hesse Schotten
4%
2Bavaria Schwabmünchen
4%
Prussia Sorau
4%
2Bavaria Stadtsteinach
4%
Prussia Stallupönen
4%
Baden Staufen
4%
Lippe Sternberg-Barntrup
4%
Prussia Stolzenau
4%
Prussia Tarnowitz
4%
Prussia Usingen
4%
Prussia Uslar
4%
2Bavaria Viechtach
4%
2Bavaria Vohenstrauß
4%
2Bavaria Waldmünchen
4%
Prussia Weener
4%
Wurttemberg Weinsberg
4%
2Bavaria Wertingen
4%
Prussia Weststernberg
4%
Prussia Wirsitz
4%
Prussia Wolfhagen
4%
2Bavaria Wolfstein
4%
Alsace Zabern
4%
Prussia Ziegenrück
4%
Prussia Züllichau-Schwiebus
4%
Prussia Adelnau
2%
Prussia Angerburg
2%
Lippe Barntrup
2%
Wurttemberg Besigheim
2%
Prussia Bleckede
2%
Lippe Blomberg
2%
Alsace Bolchen
2%
Prussia Bomst
2%
Wurttemberg Brackenheim
2%
Prussia Brieg
2%
Prussia Bublitz
2%
Prussia Bunzlau
2%
Prussia Czarnikau
2%
Prussia Darkehmen
2%
Saxe-Weimar-Eisenach Dermbach
2%
Prussia Dirschau
2%
Prussia Eckartsberga
2%
Wurttemberg Ehingen
2%
Prussia Filehne
2%
Prussia Fischhausen
2%
Prussia Flatow
2%
Schwarzburg-Rudolstadt Frankenhausen
2%
Prussia Frankenstein
2%
Prussia Friedland
2%
Wurttemberg Gaildorf
2%
Hamburg Geestlande
2%
Wurttemberg Gerabronn
2%
Prussia Gerdauen
2%
Prussia Goldberg-Haynau
2%
Prussia Gostyn
2%
Prussia Grätz
2%
Prussia Groß Wartenberg
2%
Prussia Habelschwerdt
2%
Prussia Heilingenbeil
2%
Prussia Heilsberg
2%
Lippe Hohenhausen
2%
Prussia Hörde
2%
Prussia Inowrazlaw
2%
Prussia Isenhagen
2%
Prussia Jarotschin
2%
Prussia Jauer
2%
Prussia Karthaus
2%
Prussia Kehdingen
2%
Schwarzburg-Rudolstadt Königsee
2%
Prussia Konitz
2%
Prussia Koschmin
2%
Prussia Kosel
2%
Prussia Kosten
2%
2Bavaria Kötzting
2%
Waldeck-Pyrmont Kreis des Eisenberges
2%
Prussia Kreuzberg
2%
Prussia Krotoschin
2%
Prussia Labiau
2%
Prussia Lauban
2%
Wurttemberg Laupheim
2%
Prussia Lennep
2%
Prussia Liebenwerda
2%
Lippe Lipperode-Cappel
2%
Prussia Lublinitz
2%
2Bavaria Mallersdorf
2%
Prussia Mansfelder Gebirgskreis
2%
Prussia Mansfelder Seekreis
2%
Hamburg Marschlande
2%
Prussia Mogilno
2%
Prussia Mohrungen
2%
Wurttemberg Münsingen
2%
Prussia Münsterberg
2%
Prussia Naugard
2%
Prussia Neisse
2%
Wurttemberg Neresheim
2%
Prussia Neuhaldensleben
2%
Prussia Neurode
2%
Prussia Neutomischel
2%
Prussia Nimptsch
2%
Prussia Norderdithmarschen
2%
Prussia Oberlahnkreis
2%
Wurttemberg Oberndorf
2%
Prussia Obertaunuskreis
2%
Prussia Oberwesterwaldkreis
2%
Prussia Obornik
2%
Prussia Ohlau
2%
Saxe-Coburg-Gotha Ohrdruf
2%
Saxe-Altenburg Ostkreis
2%
Prussia Ostrowo
2%
Prussia Pillkallen
2%
Prussia Pleschen
2%
Prussia Pleß
2%
Prussia Posen-Ost
2%
Prussia Posen-West
2%
Prussia Rawitsch
2%
Prussia Rheinbach
2%
Prussia Rheingaukreis
2%
Wurttemberg Riedlingen
2%
Saxony Rochlitz
2%
Prussia Rößel
2%
Prussia Ruhrort
2%
Prussia Rummelsburg
2%
Prussia Rybnik
2%
Prussia Saatzig
2%
Prussia Sagan
2%
Prussia Samter
2%
Lippe Schieder
2%
Prussia Schildberg
2%
Prussia Schleiden
2%
Prussia Schlochau
2%
Prussia Schmiegel
2%
Lippe Schötmar
2%
Prussia Schrimm
2%
Prussia Schroda
2%
Prussia Schubin
2%
Lippe Schwalenberg
2%
Prussia Schweinitz
2%
Prussia Sensburg
2%
Prussia Siegkreis
2%
Prussia Soldin
2%
Wurttemberg Spaichingen
2%
Prussia Sprottau
2%
2Bavaria Stadtamhof
2%
Prussia Strelno
2%
Prussia Stuhm
2%
Prussia Süderdithmarschen
2%
Prussia Sulingen
2%
2Bavaria Teuschnitz
2%
Prussia Tuchel
2%
Prussia Unterlahnkreis
2%
Prussia Untertaunuskreis
2%
Prussia Unterwesterwaldkreis
2%
Wurttemberg Urach
2%
Lippe Varenholz
2%
Prussia Waldbröl
2%
Wurttemberg Waldsee
2%
Saxe-Coburg-Gotha Waltershausen
2%
Prussia Wanzleben
2%
2Bavaria Wegscheid
2%
Prussia Wehlau
2%
Prussia Weißensee
2%
Wurttemberg Welzheim
2%
Prussia Westerburg
2%
Prussia Westhavelland
2%
Saxe-Altenburg Westkreis
2%
Prussia Wiedenbrück
2%
Prussia Wipperfürth
2%
Prussia Witkowo
2%
Prussia Wittgenstein
2%
Prussia Wittlage
2%
Prussia Wongrowitz
2%
Prussia Wreschen
2%
Prussia Znin
2%
2Bavaria Zusmarshausen
2%
Prussia Berent
0%
Prussia Bolkenhain
0%
Prussia Briesen
0%
Saxony Dresden-Altstadt
0%
Saxony Dresden-Neustadt
0%
Schwarzburg-Sondershausen Ebeleben
0%
Prussia Falkenberg
0%
Prussia Freystadt
0%
Schwarzburg-Sondershausen Gehren
0%
Prussia Groß Strehlitz
0%
Prussia Grottkau
0%
Prussia Landeshut
0%
Prussia Leobschütz
0%
Saxe-Coburg-Gotha Rodach
0%
Prussia Strehlen
0%
Prussia Striegau
0%
Prussia Trebnitz
0%
Prussia Wohlau
0%
Keine übereinstimmenden Quizze gefunden
Verteilung der Resultate
Anzahl Personen mit jedem Resultat
Perzentil nach korrekt beantworteten Fragen
Ihre Resultats-Entwicklung
Sie haben dieses Quiz noch nicht gespielt